000 00605cam a2200205 4500500
005 20260405003038.0
041 _afre
042 _adc
100 1 0 _aHytte, Naomi
_eauthor
245 0 0 _aTraits. Une métaphysique du singulier
260 _c2020.
500 _a32
690 _aIndividu
690 _aIndividualité
690 _aMétaphysique
690 _aPaolo Godani
690 _aTrait
786 0 _nPhilosophie magazine | 138 | 4-5 | 2020-04-01 | p. 61-62 | 1951-1787
856 4 1 _uhttps://shs.cairn.info/magazine-philosophie-magazine-2020-4-5-page-61?lang=fr&redirect-ssocas=7080
999 _c2063864
_d2063864